| 000 | 01558nam a22002537a 4500 | ||
|---|---|---|---|
| 999 |
_c60192 _d60192 |
||
| 003 | Ge_BSU | ||
| 005 | 20230616120834.0 | ||
| 008 | 230616s2006 ge ||||| |||| 00| 0 geo d | ||
| 020 | _a9994091778 | ||
| 041 | _ageo | ||
| 080 | _a908(479.222.1)(036) ვ-43 | ||
| 100 |
_aვეფხვაძე, იზა _918762 |
||
| 245 |
_aხარაგაული : (გზამკვლევი) = Kharagauli : (Guidebook) / _c იზა ვეფხვაძე ; რედაქტორი ელგუჯა თავბერიძე ; მხატვარი ჟუჟუნა კალანდაძე ; დიზაინერ-დამკაბადონებელი ლელა ლელაძე. |
||
| 264 |
_aქუთაისი : _bსაგამომცემლო ცენტრი, _c2006. |
||
| 300 |
_a176 გვ. : _bფოტოილ. ; _c22 სმ |
||
| 500 | _aგარეკანი, თავფურცელი და ტექსტი ქართ. და ინგლ. ენებზე. | ||
| 653 | _aხარაგეულის რაიონი | ||
| 653 | _aგზამკვლევები. | ||
| 653 | _aსაქართველოს სოფლების ისტორია | ||
| 700 |
_aთავბერიძე, ელგუჯა _eრედაქტორი _918763 |
||
| 700 |
_aკალანდაძე, ჟუჟუნა _eმხატვარი _918764 |
||
| 700 |
_aლელაძე, ლელა _eდიზაინერი _918765 |
||
| 942 |
_2udc _cBK |
||